000 00644nam a2200241Ia 4500
003 OSt
005 20221005101956.0
006 a|||||r|||| 00| 0
007 ta
008 221004b |||||||| |||| 00| 0 san d
024 _a106811
037 _cTextual
040 _aCRL
_cCRL
_bsan
041 _2san
_asan
082 _aO15,IENA,1:g, L3
100 _aNandi Sandhyakara
_9581369
245 0 _aRamacarita
260 _aVaranasi
_bBharatiya Pub. House India
_c1973
300 _a56p.
_ccm.
650 _aSANSKRIT LITERATURE
942 _hO15,IENA,1:g, L3
_cTEXL
_2cc
999 _c1007668
_d1007668